Klicke die Landkreise von Rheinland-Pfalz auf einer Karte - Statistiken

Allgemein
  • Dieses Quiz wurde 230 mal gespielt
  • Das Durchschnittsergebnis liegt bei 26 aus 36
Antworten auf der Karte
Die Antworten werden auf der Karte rot bzw. grün angezeigt, abhängig davon wie oft sie richtig erraten wurden.
 
Antwortstatistiken
Antwort % Korrekt
Trier
83%
Mainz
82%
Trier-Saarburg
82%
Koblenz
81%
Mainz-Bingen
81%
Mayen-Koblenz
78%
Stadt Kaiserslautern
78%
Landkreis Kaiserslautern
76%
Alzey-Worms
74%
Ludwigshafen am Rhein
74%
Südwestpfalz
74%
Vulkaneifelkreis
74%
Worms
74%
Zweibrücken
74%
Altenkirchen (Westerwald)
72%
Bernkastel-Wittlich
72%
Donnersbergkreis
72%
Westerwaldkreis
72%
Ahrweiler
71%
Cochem-Zell
71%
Landau in der Pfalz
71%
Eifelkreis Bitburg-Prüm
69%
Neuwied
68%
Südliche Weinstraße
68%
Kusel
67%
Pirmasens
67%
Rhein-Hunsrück-Kreis
67%
Rhein-Pfalz-Kreis
67%
Bad Dürkheim
65%
Bad Kreuznach
65%
Germersheim
65%
Frankenthal (Pfalz)
64%
Birkenfeld
61%
Rhein-Lahn-Kreis
61%
Neustadt an der Weinstraße
60%
Speyer
60%
Keine übereinstimmenden Quizze gefunden
Verteilung der Resultate
Anzahl Personen mit jedem Resultat
Perzentil nach korrekt beantworteten Fragen
Ihre Resultats-Entwicklung
Sie haben dieses Quiz noch nicht gespielt